Parachute Songs - Statistics

General Stats
  • This quiz has been taken 15 times
    13 since last reset
  • The average score is 16 of 33
Answer Stats
Track Number Song % Correct
4 Forever And Always
88%
7 Kiss Me Slowly
88%
6 American Secrets
75%
3 She (For Liz)
75%
5 She Is Love
75%
5 What I Know
75%
2 You And Me
75%
2 Can't Help
63%
3 Drive You Home
63%
Album (2009) Losing Sleep
63%
Album (2013) Overnight
63%
5 Overnight
63%
1 White Dress
63%
1 All That I Am
50%
6 Didn't See It Coming
50%
1 Meant to Be
50%
3 Something To Believe In
50%
7 The Other Side
50%
9 Philadelphia
38%
10 The New Year
38%
9 The Only One
38%
Album (2011) The Way It Was
38%
8 Blame It On Me
25%
10 Disappear
25%
6 Ghost
25%
8 Halfway
25%
11 Higher
25%
4 Hurricane
25%
4 The Mess I Made
25%
7 Under Control
25%
8 Waiting For That Call
25%
9 Words Meet Heartbeats
25%
2 Back Again
13%
No matching quizzes found
Score Distribution
Percent of People with Each Score
Percentile by Number Answered
Your Score History
You have not taken this quiz since the last reset